Statistics for South Australia Trivia

Click here to take the quiz!

General Stats

  • This quiz has been taken 444 times
    (432 since last reset)
  • The average score is 11 of 20

Answer Stats

HintAnswer% Correct
State capitalAdelaide
94%
South Australia borders all the
states, except this one
Tasmania
84%
Most popular sportAustralian Football
75%
Gemstone mined in Coober PedyOpal
75%
What Barossa Valley producesWine
75%
Largest islandKangaroo Island
65%
South Australia was the only state
not to be this type of colony
Penal Colony
59%
River that empties in Lake AlexandriaMurray River
55%
The Ghan train route connects
this city to the capital
Darwin
52%
Oceanic bight that borders
South Australia
Great Australian
51%
First female prime ministerJulia Gillard
51%
Second biggest cityMount {Gambier}
51%
Long fence that divides the state{Dingo} Fence
49%
Clifton Hills is world's largest of
this type of "station"
{Cattle} Station
48%
Australia's largest lakeLake Eyre
46%
"Great" desert north of the aboveGreat {Victoria}
37%
Olympic Dam is world's
largest single deposit of this
yellow element
Uranium
37%
"Treeless" coastal regionNullarbor
31%
Slang for a South Australian{Crow}eater
30%
Most common state nicknameThe {Festival} State
29%

Score Distribution

Percentile by Number Answered

Percent of People with Each Score

Your Score History

You have not taken this quiz since the last reset